000 00449nmm a2200169Ia 4500
008 251105s9999||||xx |||||||||||||||||und||
020 _a9788498164688
041 _aspa
100 _aBelgrano, Manuel
245 0 _aFragmentos autobiográficos
264 _a[Madrid, España] :
_bLinkgua,
_c2011
300 _a52 páginas
490 _aHistoria
650 _aBiography
856 _uhttps://public.digitaliapublishing.com/a/16598
942 _cCF
999 _c91196
_d91196